00629 2200217 4500001002100000005001700021008004100038020001800079035002500097084001500122100002300137245007700160250001600237260002600253300003600279500003100315650002300346850001200369999001500381999001500396YOGYA-0209000001505020150907110440.0 ind  a979-414-498-3 a0010-020900000015050 a340bHar P aHARTONO, Sunarjati aPenelitian hukum di Indonesia pada akhir abad ke 20c/ Sunarjati Hartono aEd.1, cet.1 aBandungbAlumnic1994 axv, 182 hlm. :bilus. ;c21 cm. aBibliografi : hlm. 178-182 aHukum - Penelitian aYOPDYOG a95P0065236 a95P0065237